Statistics for WWE Wrestlers

Click here to take the quiz!

General Stats

  • This quiz has been taken 80 times
  • The average score is 21 of 50

Answer Stats

HintAnswer% Correct
You Can't See MeJohn Cena
97%
21-0The Undertaker
91%
The GameTriple H
91%
The Texas RattlesnakeStone Cold Steve Austin
87%
The Devil's favourite DemonKane
83%
The HitmanBret Hart
77%
Rated REdge
77%
The Brahma BullThe Rock
75%
The Apex PredatorRandy Orton
74%
The Tribal ChiefRoman Reigns
72%
Olympic GoldKurt Angle
70%
Rowdy (Original)Roddy Piper
68%
Mr WrestlemaniaShawn Michaels
64%
Supposedly JamaicanKofi Kingston
62%
The Best in the WorldCM Punk
61%
Latino HeatEddie Guerrero
59%
The 8th Wonder of the WorldAndre The Giant
58%
Eat, Sleep, Suplex, RepeatBrock Lesnar
58%
The Lunatic FringeDean Ambrose
58%
The Eater of WorldsBray Wyatt
52%
Longest Reigning WWE ChampionBruno Sammartino
45%
Nexus LeaderWade Barrett
45%
Debuted by spearing The RockGoldberg
43%
Captain CharismaChristian
41%
The Charismatic EnigmaJeff Hardy
41%
CowboyBob Orton
36%
LionsaultChris Jericho
35%
The A ListerThe Miz
35%
The AnvilJim Neidhart
30%
Oh you didn't know!New Age Outlaws
28%
StinkfaceRikishi
28%
Damn!Ron Simmons
23%
Won the 1999 Royal RumbleVince McMahon
23%
PerfectCurt Hennig
22%
Mr WonderfulPaul Orndorff
22%
First Ever WWE ChampionBuddy Rogers
19%
He's broken in halfJim Ross
17%
SuperstarBilly Graham
16%
The BrainBobby Heenan
16%
The Bad GuyRazor Ramon
16%
The AnimalGeorge Steele
13%
TuckkyyyyOtis
13%
The Man of 1000 holdsDean Malenko
12%
Texas TornandoKerry Von Erich
10%
Chainsaw CharlieTerry Funk
9%
The Beast From The EastBam Bam Bigelow
7%
Hard TimesDusty Rhodes
7%
Son of a gunRic Flair
7%
Cream of the CropRandy Savage
6%
I'm Back and I'm better than everEric Bischoff
4%

Score Distribution

Percentile by Number Answered

Percent of People with Each Score

Your Score History

You have not taken this quiz